RICS minds the gap (Record no. 70853)
[ view plain ]
| 000 -LEADER | |
|---|---|
| fixed length control field | 01028cam a2200217 4500 |
| 001 - CONTROL NUMBER | |
| control field | WB3828-03 |
| 008 - FIXED-LENGTH DATA ELEMENTS--GENERAL INFORMATION | |
| fixed length control field | 020731n2002 000 0 eng u |
| 035 ## - SYSTEM CONTROL NUMBER | |
| System control number | (Sirsi) u119119 |
| 245 ## - TITLE STATEMENT | |
| Title | RICS minds the gap |
| 260 ## - PUBLICATION, DISTRIBUTION, ETC. | |
| Date of publication, distribution, etc. | 2002 |
| 490 ## - SERIES STATEMENT | |
| Series statement | RICS Press Release |
| Volume/sequential designation | (pr098) 31July 2002, (2) |
| 520 ## - SUMMARY, ETC. | |
| Summary, etc. | RICS has welcomed publication of House of Commons DTLR Select Committee report "Need for a new regeneration framework". Report recommends need to publicise government initiatives more effectively. RICS and ODPM will soon launch online guide to inform potential developers of Gap funding, and how to get it. More information at www.rics.org/ricscms/bin/show?class=News&template=/includes/shownews.html&id=1975 www.rics.org/ricscms/bin/show?class=PressRelease&template=/includes/showpr.html&id=785 |
| 590 ## - LOCAL NOTE (RLIN) | |
| Local note | WB |
| 650 ## - SUBJECT ADDED ENTRY--TOPICAL TERM | |
| Topical term or geographic name entry element | BROWNFIELD SITES |
| 650 ## - SUBJECT ADDED ENTRY--TOPICAL TERM | |
| Topical term or geographic name entry element | GAP FUNDING |
| 650 ## - SUBJECT ADDED ENTRY--TOPICAL TERM | |
| Topical term or geographic name entry element | RDAS |
| 650 ## - SUBJECT ADDED ENTRY--TOPICAL TERM | |
| Topical term or geographic name entry element | REGIONAL DEVELOPMENT AGENCIES |
| 650 ## - SUBJECT ADDED ENTRY--TOPICAL TERM | |
| Topical term or geographic name entry element | GREENBELT |
| 690 ## - LOCAL SUBJECT ADDED ENTRY--TOPICAL TERM (OCLC, RLIN) | |
| Topical term or geographic name as entry element | PROPERTY-PROPERTY DEVELOPMENT |
| 942 ## - ADDED ENTRY ELEMENTS (KOHA) | |
| Suppress in OPAC | 0 |
| Withdrawn status | Lost status | Source of classification or shelving scheme | Damaged status | Not for loan | Home library | Current library | Shelving location | Date acquired | Total Checkouts | Full call number | Barcode | Date last seen | Copy number | Price effective from | Koha item type |
|---|---|---|---|---|---|---|---|---|---|---|---|---|---|---|---|
| Dewey Decimal Classification | London | London | News article | 31/07/2002 | WB3828-03 | 119119-1001 | 06/08/2019 | 1 | 06/08/2019 | News article |